书目信息 |
| 题名: |
藏书与读者工作综论
|
|
| 作者: | 于鸣镝 主编 | |
| 分册: | ||
| 出版信息: | 大连 大连出版社 2000.04 |
|
| 页数: | 303页 | |
| 开本: | 32开 | |
| 丛书名: | ||
| 单 册: | ||
| 中图分类: | G253 | |
| 科图分类: | ||
| 主题词: | 图书馆学 , 图书馆事业 | |
| 电子资源: | ||
| ISBN: | 7-80612-506-X | |
| 000 | 00588nam0 2200205 45 | |
| 001 | 0105310972 | |
| 005 | 20010531093258.5 | |
| 010 | @a7-80612-506-X@d15.00元 | |
| 100 | @a20010531d2000 km y0chiy0120 ea | |
| 101 | 0 | @achi |
| 105 | @a z 000yy | |
| 200 | 1 | @a藏书与读者工作综论@ACang Shu Yu Du Zhe Gong Zuo Zong Lun@f于鸣镝等主编@FYu Ming Di Deng Zhu Bian |
| 210 | @a大连@c大连出版社@d2000.04 | |
| 215 | @a303页@d32开 | |
| 606 | 0 | @a图书馆学 |
| 606 | 0 | @a图书馆事业 |
| 690 | @aG253@v3 | |
| 701 | 0 | @a于鸣镝@4主编 |
| 801 | @aCN@bPftUser@c20010531 | |
| 905 | @f3@b344888-890@dG253@eY168 | |
| 藏书与读者工作综论/于鸣镝等主编.-大连:大连出版社,2000.04 |
| 303页;32开 |
| ISBN 7-80612-506-X:15.00元 |
| ● |
| 相关链接 |
|
|
|
正题名:藏书与读者工作综论
索取号:G253/Y168
 
预约/预借
| 序号 | 登录号 | 条形码 | 馆藏地/架位号 | 状态 | 备注 |
| 1 | 344888 | 203448885 | 社科库409/ [索取号:G253/Y168] | 在馆 | |
| 2 | 344890 | 203448901 | 社科库409/ [索取号:G253/Y168] | 在馆 |